Joseph and the Dreams (Record no. 97)

MARC details
000 -LEADER
fixed length control field 00360nam a22001337a 4500
003 - CONTROL NUMBER IDENTIFIER
control field OSt
005 - DATE AND TIME OF LATEST TRANSACTION
control field 20160727222342.0
008 - FIXED-LENGTH DATA ELEMENTS--GENERAL INFORMATION
fixed length control field 160620b xxu||||| |||| 00| 0 eng d
040 ## - CATALOGING SOURCE
Transcribing agency Test
100 ## - MAIN ENTRY--PERSONAL NAME
9 (RLIN) 122
Personal name Creative
Titles and words associated with a name Joseph and the Dreams: Bible Story
245 ## - TITLE STATEMENT
Title Joseph and the Dreams
Remainder of title Bible Story
300 ## - PHYSICAL DESCRIPTION
Extent Joseph and the Dreams: Bible Story
942 ## - ADDED ENTRY ELEMENTS (KOHA)
Source of classification or shelving scheme Dewey Decimal Classification
Koha item type BOOK
Holdings
Withdrawn status Lost status Source of classification or shelving scheme Damaged status Not for loan Home library Current library Date acquired Total Checkouts Full call number Barcode Date last seen Price effective from Koha item type
    Dewey Decimal Classification     Good Samaritan School Library Good Samaritan School Library 06/20/2016   80 CRE106 06/20/2016 06/20/2016 BOOK

Powered by Koha